00619nam a22001577a 4500008004000000020001800040050002000058245020500078250000800283260003000291300002000321504002700341650003000368700003100398700003200429131106t mx||||| |||| 00| 0 spa d a978968685131104aHQ767bC35 200710aCalidoscopio del aborto :btestimonio, cuentos, artículos periodísticos, ensayos, síntesis, reseñas de libros, investigaciones y estudios para formar opinión /cJulián Cruzalta ... [et al] a1a. aMéxico :bDemac,cr2007 a135 p. :c24 cm aIncluye bibliografía 7aAbortoxAspectos sociales1 aCruzalta, Julián, colab.1 aEspinosa Rugarcía, Amparo